Kashmir Kashmir/ (Record no. 189812)

MARC details
000 -LEADER
fixed length control field 00516nam a2200181 4500
005 - DATE AND TIME OF LATEST TRANSACTION
control field 20220713124720.0
010 ## - LCCN (DPL NO)
LC control number ENG-133496
020 ## - INTERNATIONAL STANDARD BOOK NUMBER
International Standard Book Number 9789390189809
Terms of availability 295.00
035 ## - SYSTEM CONTROL NUMBER
System control number EN-117028
037 ## - SOURCE OF ACQUISITION
Source of stock number/acquisition DBAD/PUB
082 ## - DEWEY DECIMAL CLASSIFICATION NUMBER
Classification number S
100 ## - MAIN ENTRY--PERSONAL NAME
Personal name Agarwal, Deepa
245 ## - TITLE STATEMENT
Title Kashmir Kashmir/
Statement of responsibility, etc Deepa Agarwal
260 ## - PUBLICATION, DISTRIBUTION, ETC. (IMPRINT)
Place of publication, distribution, etc Gurgaon
Name of publisher, distributor, etc Scholastic India Pvt. Ltd.
Date of publication, distribution, etc 2021
270 ## - ADDRESS
Address A-27, Ground Floor, Sigma Centre, Infocity-1, Sector- 34
City Gurgaon
Postal code 122001
300 ## - PHYSICAL DESCRIPTION
Extent 126p
Dimensions 21.6cm(pbk)
942 ## - ADDED ENTRY ELEMENTS (KOHA)
Source of classification or shelving scheme Dewey Decimal Classification
Item type English Books
Classification part S
Call number suffix AGA
Holdings
Withdrawn status Lost status Not for loan Collection code Home library Current library Date acquired Source of acquisition Cost, normal purchase price Full call number Barcode Copy number Cost, replacement price Koha item type
      Fiction Bawana Bawana 13/07/2022 DBAD/PUB 295.00 S AGA EN-117028 1 295.00 English Books

© Delhi Public Library
Hit Counter
free hit counter